| 000 | 00424nam a22001697a 4500 | ||
|---|---|---|---|
| 005 | 20260407164414.0 | ||
| 008 | 160627b xxu||||| |||| 00| 0 eng d | ||
| 020 | _a81-229-081-6 | ||
| 041 | _aeng | ||
| 082 | _a81354 | ||
| 100 |
_aGreenwald, Marilyn and Bernut, Joseph _92982 |
||
| 245 | _aThe Big Chill | ||
| 260 |
_bsurjeet Publications _c2005 |
||
| 300 | _a231 | ||
| 650 |
_acontemporary literature _98929 |
||
| 942 | _cBK | ||
| 999 |
_c4313 _d4312 |
||